[Event "Dhaka"]
[Site "Dhaka"]
[Date "1995.??.??"]
[Round "13"]
[White "Reefat, Bin Sattar"]
[Black "Hebden, Mark"]
[Result "1/2-1/2"]
[WhiteElo "2430"]
[BlackElo "2550"]
[Annotator "King,D"]
[PlyCount "60"]
[EventDate "1995.??.??"]
[EventType "tourn"]
[EventRounds "13"]
[EventCountry "BAN"]
[EventCategory "9"]
[SourceTitle "CBM 048"]
[Source "ChessBase"]
[SourceDate "1995.10.01"]
[SourceVersion "1"]
[SourceVersionDate "1995.10.01"]
[SourceQuality "1"]

1. e4 e5 2. Nf3 Nc6 3. d4 exd4 4. Nxd4 Nf6 5. Nc3 Bc5 6. Be3 Bb6 7. Qd2 O-O 8.
O-O-O Re8 9. f3 d6 10. g4 Nxd4 11. Bxd4 Be6 12. Rg1 Bxd4 13. Qxd4 c5 14. Qd2
Qa5 15. a3 a6 16. g5 Nd7 17. f4 b5 18. f5 Bc4 {A crazy game. White should be
winning easily but somehow blows it. The simplest way to proceed from this
point is to continue exactly as in the game, only omitting the advance of the
g-P. The P on f5 and g5 do an} 19. g6 (19. Bxc4 bxc4 20. Qxd6 Ne5 21. Rd5 Qd8
22. Qxc5 $18) 19... fxg6 20. Bxc4+ bxc4 21. fxg6 h6 22. Qxd6 Ne5 23. Rd5 Qd8
24. Qxc5 Qh4 25. Rdd1 Rac8 26. Qa7 Qxh2 27. Nd5 c3 28. bxc3 Qh4 29. Rdf1 Kh8
30. Qd4 Nc6 1/2-1/2

[Event "Elgoibar 08th"]
[Site "Elgoibar"]
[Date "1998.11.26"]
[Round "6"]
[White "Bellon Lopez, Juan Manuel"]
[Black "Izeta Txabarri, Felix"]
[Result "0-1"]
[WhiteElo "2490"]
[BlackElo "2445"]
[Annotator "Kortschnoj,V"]
[PlyCount "90"]
[EventDate "1998.11.11"]
[EventType "tourn"]
[EventRounds "9"]
[EventCountry "ESP"]
[EventCategory "10"]
[SourceTitle "CBM 069"]
[Source "ChessBase"]
[SourceDate "1999.04.01"]
[SourceVersion "1"]
[SourceVersionDate "1999.04.01"]
[SourceQuality "1"]

1. e4 e5 2. Nf3 Nc6 3. Nc3 Nf6 4. d4 exd4 5. Nd5 Be7 6. Bf4 {As it turns out
to take on c7 is not a big threat, so to develop a king side by 6.Bc4 would be
more exact.} O-O $1 7. Bxc7 (7. Nxc7 $2 {is worse:} Nh5 8. Qd2 Bb4 9. c3 dxc3
10. bxc3 Nxf4 11. Nxa8 Qf6 12. Rc1 Ba5 {with a clear edge for black.}) 7... Qe8
8. Be2 d6 $5 $146 {A natural move,but it has never been played before; 8...Ne4
was considered to be obligatory.} 9. Nxf6+ Bxf6 ({Not} 9... gxf6 $2 10. Qd2 b6
(10... Qd7 11. Ba5) 11. Qh6 Qd7 (11... Kh8 12. Bxd6) 12. h4 {with the mortal
threat 13.Ng5 fxg5 14.hxg5!}) 10. Bxd6 Be7 11. Bxe7 $6 ({After} 11. e5 Bg4 12.
O-O Bxf3 13. Bxf3 Bxd6 14. exd6 Qe5 {black would reach an approximate equality,
but that was the right way for white to continue.}) 11... Qxe7 12. Nd2 $2 {
It was still not too late to come back to a solid track:} (12. O-O Qxe4 13. Re1
{, still with a minimal advantage to white.}) 12... f5 $1 13. exf5 Re8 $1 {
Now black has full compensation for material loss-white king remains forever
in the centre, subsequently white pieces are disconnected...} 14. g4 b6 15. Kf1
Bb7 16. Bf3 Ne5 17. Bxb7 Qxb7 18. Rg1 Rad8 19. Rg2 ({If} 19. f4 {then} Nc6 {
with many threats, like Qc7or Nb4-d5...}) 19... d3 20. c3 b5 21. b3 ({Or} 21.
Kg1 Nc4 {followed by doubling black rooks along the e file.}) 21... Nf7 22. Nf3
b4 {Preparing Re2, what otherwise would be met by Nd4.} ({However} 22... Re2 $5
23. Nd4 Rxd4 {was also strong.}) 23. cxb4 Re2 24. Ng1 Rc2 25. Rg3 Qb6 26. Re3
Ng5 27. Qe1 Qc6 28. Rd1 d2 29. Qe2 Rc1 30. f3 (30. h4 Ne4 $19) 30... Rxd1+ ({
Time trouble.} 30... Kf8 {with a threat Qc2 was winning on the spot.}) 31. Qxd1
Qc1 32. Ke2 Qc7 33. Kf1 Qxh2 34. Re2 Qf4 35. Rf2 Qxb4 36. Kg2 Qc3 37. Ne2 Qe3
38. Ng3 {38.Rf1 was more stubborn.} Nh3 39. Rf1 Nf4+ 40. Kh2 Rd6 41. f6 Rxf6
42. Nf5 Rxf5 $1 {The shortest and the most nice way to win this position.} 43.
gxf5 Ne2 44. Kh1 Nc3 45. Qc2 Qe1 0-1

[Event "Zuerich m"]
[Site "Zuerich"]
[Date "2012.04.24"]
[Round "3"]
[White "Kramnik, Vladimir"]
[Black "Aronian, Levon"]
[Result "1-0"]
[WhiteElo "2801"]
[BlackElo "2820"]
[Annotator "Kramnik,V"]
[PlyCount "83"]
[EventDate "2012.04.21"]
[EventType "match"]
[EventRounds "6"]
[EventCountry "SUI"]
[SourceTitle "CBM 148"]
[Source "ChessBase"]
[SourceDate "2012.05.16"]
[SourceVersion "1"]
[SourceVersionDate "2012.05.16"]
[SourceQuality "1"]

1. e4 {A novelty on move one already! Eine Neuerung bereits im 1. Zug!} e5 2.
Nf3 Nc6 3. Nc3 Nf6 4. d4 exd4 5. Nxd4 Bc5 (5... Bb4 {is more common, but I had
something in mind there... ist geläufiger, aber dort hatte ich etwas im Sinn...
}) 6. Be3 Bb6 7. Qd2 (7. Nxc6 {is the most principled continuation, but lautet
die prinzipiellste Fortsetzung, allerdings ist} bxc6 8. e5 Bxe3 9. fxe3 Nd5 10.
Nxd5 cxd5 11. Qxd5 Qh4+ 12. Kd1 Rb8 {is very unclear. sehr unklar.}) 7... O-O
8. O-O-O Re8 (8... Ng4 9. Bg5 f6 10. Nxc6 bxc6 11. Bh4 $14) 9. f3 d5 {
Otherwise White is just better, pushing his pawns on the kingside. Ansonsten
steht Weiß einfach besser, er stößt seine Bauern am Königsflügel vor.} 10. exd5
(10. Bb5 Bd7 11. Nxc6 Bxc6 $11) 10... Nxd5 (10... Nb4 11. Bg5) 11. Bg5 $1 Nxc3
$5 {Played rather quickly, I was not sure if it was Levon's preparation or
improvisation. Recht schnell gespielt; ich war nicht sicher, ob es Levons
Vorbereitung oder Improvisation war.} (11... f6 {is safer, and after ist
sicherer, und nach} 12. Bc4 Nxd4 13. Nxd5 Be6 14. Bxf6 gxf6 15. Nxb6 axb6 16.
Qxd4 Qxd4 17. Bxe6+ Rxe6 18. Rxd4 Rxa2 19. Kb1 Ra5 20. Rd7 {White is still
pressing. ist Weiß nach wie vor am Drücker.}) 12. Bxd8 Nxd1 13. Bxc7 $1 {
The most principled continuation. Die prinzipiellste Fortsetzung.} (13. Bh4 {
is safer, but I doubt White can win after ist sicherer, ich bezweifle aber,
dass Weiß gewinnen kann nach} Nxd4 14. Qxd1 Nf5 15. Bg5 h6 {and Black seems to
have enough play. und Schwarz scheint genügend Spiel zu haben.}) 13... Bxc7 14.
Nxc6 Ne3 {Only move, now the position gets very tricky. Einziger Zug, nun wird
die Stellung ziemlich trickreich.} 15. Bb5 $1 (15. Nb4 {is definitely not
advisable: ist definitiv nicht ratsam:} Bf4 16. Nd3 Bh6 17. f4 Bf5 {with a
very strong initiative, e.g. mit einer bärenstarken Initiative, z.B.} 18. Kb1
Rac8) 15... bxc6 (15... Bf5 {is going into a slightly worse endgame by force:
leitet forciert in ein leicht schlechteres Endspiel über:} 16. Nd4 Bf4 17. Bxe8
Nxg2 18. Qxf4 Nxf4 19. Bxf7+ Kxf7 20. Nxf5 Rd8 21. b3) (15... a6 16. Ba4 {
doesn't change much. ändert nicht viel.}) 16. Bxc6 Nc4 (16... Bf4 {This move
bothered me and it took me quite some time to calculate it out. Dieser Zug
beunruhigte mich, und ich brauchte einige Zeit, um ihn auszurechnen.} 17. Kb1
$1 (17. Re1 Bb7 $1) 17... Bf5 18. Bxa8 Rxa8 (18... Nxc2 19. Qxf4 $18) (18...
Bxc2+ 19. Ka1) 19. Re1 $1 {and everything seems to work in White's favour here:
, und hier scheint alles zu Gunsten von Weiß zu funktionieren:} Bxc2+ (19...
Nxc2 20. Qxf4 Na3+ 21. Kc1 Rc8+ 22. Kd1) 20. Ka1 Re8 21. g3 (21. Rxe3 {also
wins. gewinnt ebenfalls.}) 21... Bg6 22. Re2 $18 Rc8 23. Rxe3) 17. Qd4 (17. Qb4
$142 $1 {Computer rules :) Computer an die Macht :)} Be6 18. Bxe8 Rxe8 19. Re1
$1 $16 Ba5 $140 20. Rxe6 $1) 17... Be6 18. Bxa8 Bb6 $1 (18... Rxa8 19. Re1 $16)
19. Qd3 (19. Qe4 {leads to a draw after führt zum Remis nach} Be3+ 20. Kd1
Nxb2+ 21. Ke1 Bd7 22. Qb7 Bb6+ 23. Kd2 Be3+ 24. Ke2 $11) 19... Rxa8 (19... Rd8
20. Qxd8+ {- at least - - auf jeden Fall -} (20. Qe2 Rxa8 21. Rd1 Ne3 22. Rd6)
20... Bxd8 21. g3 {White must have an advantage here I guess - Hier muss Weiß
Vorteil haben, meine ich -} Bb6 22. b3 Ne3 23. c3) 20. Re1 ({Here Levon
admitted after the game that he thought White should play b3 in order not to
get a worse position, and the endgame is rather drawish after Hier gab Levon
nach der Partie zu, dass er dachte, dass Weiß b3 spielen sollte, um keine
schlechtere Stellung zu bekommen, und das Endspiel ist ziemlich remislich nach
} 20. b3 Rd8 21. bxc4 Rxd3 22. cxd3 Kf8 23. Kc2 Bd4 {I actually thought that
White should be better after the move I played and didn't consider seriously
this option at all. Tatsächlich dachte ich, dass Weiß nach dem Zug, den ich
spielte, besser stehen sollte, und zog diese Möglichkeit nicht ernsthaft in
Betracht.}) 20... Rd8 21. Qe4 {A very strange and unbalanced position, which
we each assessed in our favour during the game. I still think after it that I
was right! Eine sehr merkwürdige und unausgewogene Stellung, die wir beide
während der Partie als günstig für uns erachteten. Im Nachhinein meine ich
trotzdem, dass ich richtig lag!} g5 $6 {Taking control on the f4-square, where
I want to put my queen, but the price is too high, the black king becomes
vulnerable now. Nimmt das f4-Feld unter Kontrolle, wo ich meine Dame
hinstellen will, aber der Preis ist zu hoch; der schwarze König wird jetzt
anfällig.} (21... g6 {was probably a better choice: war wahrscheinlich eine
bessere Wahl:} 22. c3 (22. Qf4 Rd4 23. Re4 Rd7 24. a4) 22... Nd6 23. Qc6 {
I would definately prefer White here still. Trotzdem würde ich hier definitiv
Weiß bevorzugen.}) (21... Rd4 22. Qc6 Rd8 23. Rxe6 $1 $16 fxe6 24. Qxe6+ Kf8
25. a4 Ne3 26. Kb1 {and it is difficult to coordinate Black's pieces in this
position. , und in dieser Stellung ist es schwer, die Figuren von Schwarz zu
koordinieren.} Nxg2 27. a5 Be3 28. c4) 22. c3 Bc5 {Levon was slowly but surely
running into serious time trouble. Levon kam, langsam aber sicher in ernste
Zeitnot.} 23. Re2 {A very human move, just trying to prevent his opponent's
counterplay, although maybe it was even stronger to start bothering his king
without this prophylaxis. Ein sehr menschlicher Zug, der einfach versucht, das
gegnerische Gegenspiel zu unterbinden, obwohl es vielleicht stärker war zu
beginnen, seinen König ohne diese Prophylaxe zu behelligen.} (23. h4 $16) 23...
h6 24. g3 {Preparing f4 and h4 and asking Black what is his plan :) Bereitet
f4 und h4 vor und fragt Schwarz, was sein Plan ist :)} a5 {This seems logical
because there is not much else Black can do to improve his position.  Dies
wirkt logisch, weil es sonst nicht viel gibt, was Schwarz tun kann, um seine
Stellung zu verbessern.} 25. f4 a4 26. f5 $1 {White is objectively much better
here and it is very difficult to defend this position in time trouble. Black
has too many pieces to take care of :) Hier steht Weiß objektiv klar besser,
und es ist sehr schwer, diese Stellung in Zeitnot zu verteidigen. Schwarz hat
zu viele Figuren, um die er sich kümmern muss :)} Bd5 $8 27. Qd3 Bb6 $8 28. b3
$1 axb3 29. axb3 Na5 $8 30. Re8+ {I think this is the right choice, at least
from a practical point of view. Ich denke, dies ist die richtige Wahl,
zumindest in praktischer Hinsicht.} (30. b4 $5 Nc4 31. f6 Be6 32. Qf3) (30. Qb5
{was recommended by commentators (obviously because it was recommended by
computers first :)), but in fact it might not be enough for a win since after
wurde von Kommentatoren empfohlen (offensichtlich, weil es zuvor von Computern
empfohlen wurde :)), tatsächlich aber könnte es nicht zum Sieg reichen, denn
nach} Nxb3+ 31. Kc2 Nd4+ $1 32. cxd4 Bxd4 {it might be a fortress after all.
könnte es doch noch eine Festung sein.}) 30... Rxe8 31. Qxd5 {Again it is very
difficult to coordinate his pieces for Black, especially in time trouble.
Erneut ist es sehr schwer für Schwarz, seine Figuren zu koordinieren, vor
allem in Zeitnot.} Rd8 (31... Rc8 32. Kb2 Rd8 33. Qb5 $18) 32. Qb5 Rd6 $1 (
32... Be3+ 33. Kb2 Rd2+ 34. Ka3 $18) 33. Kc2 $1 {/\b4} (33. b4 Be3+ 34. Kb1 Nc6
{holding. hält.}) 33... Kg7 {A mistake, but Levon was already down to seconds.
Ein Fehler, aber Levon hatte bereits nur noch Sekunden.} (33... Bd8 {This is
the only chance for Black to stay in the game: Dies ist die einzige Chance für
Schwarz, in der Partie zu bleiben:} 34. Qe8+ Kg7 35. Qe5+ Rf6 36. b4 Nc6 37.
Qe4 Bc7 38. b5 Ne5 39. c4 $16) 34. b4 Nb7 35. c4 {Now it's all over, Black
can't coordinate his pieces anymore. Nun ist alles vorbei, Schwarz kann seine
Figuren nicht mehr koordinieren.} Rf6 36. g4 {No need to hurry. Eile mit Weile.
} Nd8 37. c5 Bc7 38. Qd7 {White starts to collect material already. Weiß
beginnt bereits, Material einzusammeln.} Nc6 39. b5 $1 Na7 40. Qxc7 Nxb5 41.
Qe5 (41. Qd7 {was even more precise, since after war sogar noch genauer, da es
nach} Rc6 {there is den Zug} 42. f6+ $1 {, but the text is good enough and
simpler. gibt, aber der Text ist gut genug und einfacher.}) 41... Na7 42. Kd3 {
Cooling down after the time trouble Levon quickly realised that he was a very
long way from building a fortress and resigned here. Als er sich nach der
Zeitnot abkühlte, begriff Levon schnell, dass er sehr weit davon entfernt war,
eine Festung zu errichten, und gab hier auf.} 1-0

[Event "Olympiad-32"]
[Site "Yerevan"]
[Date "1996.09.27"]
[Round "11.1"]
[White "Istratescu, Andrei"]
[Black "Krasenkow, Michal"]
[Result "0-1"]
[WhiteElo "2535"]
[BlackElo "2605"]
[Annotator "Krasenkow,M"]
[PlyCount "76"]
[EventDate "1996.09.15"]
[EventType "team-swiss"]
[EventRounds "14"]
[EventCountry "ARM"]
[SourceTitle "CBM 055"]
[Source "ChessBase"]
[SourceDate "1996.12.01"]
[SourceVersion "1"]
[SourceVersionDate "1996.12.01"]
[SourceQuality "1"]
[WhiteTeam "Romania"]
[BlackTeam "Poland"]
[WhiteTeamCountry "ROU"]
[BlackTeamCountry "POL"]

1. e4 e5 2. Nf3 Nc6 3. Nc3 Nf6 4. d4 exd4 5. Nxd4 Bb4 6. Nxc6 bxc6 7. Bd3 d5 8.
exd5 cxd5 9. Qe2+ Be7 10. O-O O-O 11. Re1 Re8 $6 (11... Be6 $142) 12. Bg5 Bg4
13. Qe5 (13. Qd2 $5 c6 14. Re5) 13... c6 14. Qg3 Bh5 15. Qh4 (15. Re5 Bg6 16.
Rae1 Qd7 $10) 15... Bg6 16. Bxg6 fxg6 $10 (16... hxg6 17. Re3) 17. Qh3 Bf8 18.
Re6 Qc8 19. Rae1 Rxe6 20. Qxe6+ Qxe6 21. Rxe6 Rc8 22. f3 h6 23. Bd2 Kf7 24. Re2
c5 25. Na4 $5 Bd6 26. b3 g5 {/\|^>>} 27. Nb2 $6 (27. c4 $10) 27... c4 $1 28.
Be3 $6 Be5 $1 29. Na4 $2 {[#]} (29. Nd1 $1 d4 30. Bxg5 hxg5 (30... Nd7 31. Bh4
d3 32. cxd3 cxd3 33. Rd2) 31. Rxe5 cxb3 (31... d3 32. cxd3 c3 33. Nxc3 Rxc3 34.
Ra5) 32. cxb3 Rc1 33. Re1 d3 34. Kf2 Nd5 $15) 29... d4 30. Bxg5 Nd7 $1 (30...
hxg5 31. Rxe5 cxb3 (31... d3 32. cxd3 cxd3 33. Re1 d2 34. Rd1 Rc1 35. Nb2) 32.
axb3 $1 (32. cxb3 Rc1+ 33. Kf2 d3 $19) 32... Rxc2 33. Nc5 $1 $15) 31. Bd2 (31.
Bh4 d3 32. cxd3 cxd3 33. Rd2 Bd4+ 34. Kf1 Rc1+ 35. Be1 Ne5 $19) 31... cxb3 32.
cxb3 Rc2 (32... d3 $5 33. Re1 Bd4+ (33... Rc2 34. Be3 $1 $13) 34. Kf1 Rc2 35.
Re4 $1 Bf6 $17) 33. g3 $2 (33. Rf2 $1 Rxa2 (33... d3 34. Be3 Bd4 $140 $2 35.
Bxd4 Rc1+ 36. Rf1 d2 37. Nc3) 34. f4 (34. Bb4 $2 Ra1+ 35. Rf1 Bxh2+) 34... Bd6
$17) 33... d3 34. Rg2 Bd4+ 35. Kf1 Rxa2 $19 36. Be1 Ra1 {/\37...Be3} 37. Rd2 (
37. Nb2 Ne5) 37... Ne5 38. f4 Nf3 0-1

[Event "URS-ch50 Semifinal"]
[Site "Yaroslavl"]
[Date "1982.07.??"]
[Round "?"]
[White "Kremenietsky, Anatoly M"]
[Black "Beliavsky, Alexander G"]
[Result "1-0"]
[WhiteElo "2385"]
[BlackElo "2615"]
[Annotator "Kremenietsky,AM"]
[PlyCount "93"]
[EventDate "1982.07.??"]
[EventType "tourn"]
[EventRounds "16"]
[EventCountry "URS"]
[SourceTitle "EXT 2009"]
[Source "ChessBase"]
[SourceDate "2008.11.26"]
[SourceVersion "1"]
[SourceVersionDate "2008.11.26"]
[SourceQuality "1"]

1. e4 e5 2. Nf3 Nc6 3. Nc3 Nf6 4. g3 $5 Bb4 5. d3 d5 $5 6. exd5 Qxd5 7. Bg2 Bg4
8. h3 Bxf3 9. Bxf3 e4 $1 10. Bg2 Bxc3+ 11. bxc3 O-O-O 12. O-O Rhe8 13. Rb1 Re6
14. Be3 Qf5 15. g4 Qa5 16. c4 h6 17. Qc1 $5 exd3 18. cxd3 Rxd3 19. Qc2 Qc3 20.
Qa4 Ne4 $1 21. Rb3 Qc2 22. Qa3 $1 Rdd6 $6 23. Bxa7 Qxc4 24. Be3 Qa6 25. Qb2 Na5
26. Rb4 Nf6 27. Rb1 b6 28. Rc1 Nd5 29. Bxd5 Rxd5 30. Bxb6 $1 Nc6 $1 31. Rb3
Red6 $1 32. Be3 Rd1+ 33. Kh2 Qf1 $1 34. Rxd1 Rxd1 35. Kg3 Qg1+ 36. Kh4 f6 $6
37. Qc2 Ne7 38. Qe4 Kd7 39. Rd3+ Rxd3 40. Qxd3+ Ke8 41. Bc5 Qc1 42. Qe3 $1 Qxe3
43. fxe3 g6 44. Bd4 f5 45. a4 $1 Kd7 46. Bc5 fxg4 47. Bxe7 (47. Bxe7 gxh3 48.
Kxh3 Kxe7 49. a5 $1 $18) 1-0